000 00677nam a2200193 i 4500
001 74730
003 ES-MaACL
005 20250928115812.0
007 t|
008 040920s1942 sp ||||1| spa d
100 1 _aGonzález Ruiz, Nicolás,
_d1897-1967
_958946
245 1 0 _aAxel de Fersen
_b: el romántico amor de Maria Antonieta /
_cNicolás González Ruiz.
260 _aBarcelona :
_bTartessos,
_c[1942] (
_fAleu y Domingo)
300 _a228 p. ;
_c19 cm.
600 1 7 _aFersen, Hans Axel von,
_d1755-1810
_2
_9159703
600 0 4 _aMaría Antonieta
_cReina consorte de Luis XVI, Rey de Francia.
_976657
852 _aES-MaACL
_jF-15536
999 _c74730
_d74730